| 000 | 00873nam a2200193Ii 4500 | ||
|---|---|---|---|
| 003 | JO-AjNU | ||
| 008 | 230605s9999||||xx |||||||||||||| ||und|| | ||
| 040 |
_aJO-AjNU _bara _erda _cJO-AjNU |
||
| 041 | _aara | ||
| 050 | 1 | 4 | _aHG8745.M87.2015 |
| 100 | 3 |
_aمؤسسة ضمان الودائع (عمان، الأردن), _eauthor _956865 |
|
| 245 | 0 | 0 | _a2015 ، مؤسسة ضمان الودائع : التقرير السنوي |
| 264 | 3 | 1 | _aعمان،الاردن: مؤسسة ضمان الودائع، 2015 |
| 300 | _aمتعدد الترقيم | ||
| 336 |
_atext _btxt _2rdacontent |
||
| 337 |
_aunmediated _bn _2rdamedia |
||
| 338 |
_avolume _bnc _2rdacarrier |
||
| 650 | 4 |
_aبنوك -- الأردن -- تقارير سنوية -- ودائع مصرفية -- بنوك تجارية -- مؤسسة ضمان الودائع (عمان، الأردن) -- تقارير سنوية _956866 |
|
| 999 |
_aA25449 _c29017 _d29017 |
||